Statistiques concernant Personnages de Mario

Cliquez ici pour prendre le quiz!

Statistiques générales

  • Ce quiz a été pris 519 fois
  • Le résultat moyen est 13 sur 15

Statistiques - réponses

IndicePersonnage% Correct
1Plombier rougeMario
100%
2Plombier vertLuigi
99%
4Princesse blondePeach
98%
3Dragon-tortueBowser
95%
5Princesse bruneDaisy
94%
14Gros gorilleDonkey Kong
93%
6Assistant du 4Toad
91%
12Rival du 1Wario
89%
13Rival du 2Waluigi
87%
7Ami du 1Yoshi
87%
11Ennemi fantômeBoo
85%
8Ennemi tortueKoopa Troopa
85%
15Fils de 3Bowser Jr.
80%
9Ennemi marronGoomba
71%
10Ennemi plantePlante piranha
58%

Distribution des résultats

Percentile par nombre de réponses

% des personnes avec chaque résultat

Votre développement - résultats

Vous n’avez pas pris ce quiz